| 000 | 00656nam a22002057a 4500 | ||
|---|---|---|---|
| 003 | OSt | ||
| 005 | 20160620145209.0 | ||
| 008 | 160620b xxu||||| |||| 00| 0 eng d | ||
| 020 | _a1929007876 | ||
| 040 | _cDNLM | ||
| 082 | _aWB100 C59o 2005 | ||
| 100 |
_aCleland, Joshua; Netter Frank H. _99484 |
||
| 245 | _aOrthopaedic Clinic Examination: an evidence-based approach for physical Therapists | ||
| 260 | _aNew Jersey; Icon Learning Systems, 2005 | ||
| 300 | _axi,515p; col.ill: 25.5cm | ||
| 504 | _aReferences, appendex, & index included | ||
| 650 |
_aOrthopaedics MCQs _99471 |
||
| 650 |
_aPhysical Therapy examination _99485 |
||
| 942 |
_2z _cO_SHELF |
||
| 999 |
_c4413 _d4413 |
||